000 00450nam a2200169Ia 4500
001 15362
003 IN-NITTTR
005 20251114233144.0
008 251113s9999||||xx |||||||||||||| ||eng||
040 _beng
040 _cIN-NITTTR
041 _aeng
082 _a658.5 H237U
100 _aHarrington, Joseph
245 0 _aUnderstanding the manufecturing process ;Key to sucessful cad/cam implementation /
_cHarrington, Joseph
942 _2ddc
_cBK
999 _c17996
_d17996